The Windsor Tapestry / (Record no. 186972)

000 -LEADER
fixed length control field 00399 a2200157 4500
003 - CONTROL NUMBER IDENTIFIER
control field Nust
005 - DATE AND TIME OF LATEST TRANSACTION
control field 20230202144004.0
040 ## - CATALOGING SOURCE
Transcribing agency Nust
082 ## - DEWEY DECIMAL CLASSIFICATION NUMBER
Classification number 923.14,MAC
100 ## - MAIN ENTRY--PERSONAL NAME
Personal name Compaton Mackenzie
9 (RLIN) 108558
245 ## - TITLE STATEMENT
Title The Windsor Tapestry /
Statement of responsibility, etc. Compton Mackenzie
260 ## - PUBLICATION, DISTRIBUTION, ETC.
Place of publication, distribution, etc. London
Name of publisher, distributor, etc. Rich and Cowan
Date of publication, distribution, etc. 1938
300 ## - PHYSICAL DESCRIPTION
Extent 584
650 ## - SUBJECT ADDED ENTRY--TOPICAL TERM
Topical term or geographic name entry element The windsor Tapestry
9 (RLIN) 108559
942 ## - ADDED ENTRY ELEMENTS (KOHA)
Source of classification or shelving scheme
Koha item type Book
Call number prefix 923.14,MAC
Holdings
Withdrawn status Lost status Source of classification or shelving scheme Damaged status Not for loan Collection code Permanent Location Current Location Date acquired Total Checkouts Full call number Barcode Date last seen Price effective from Koha item type
            Military College of Signals (MCS) Military College of Signals (MCS) 12/12/2016   923.14 MAC MCS29223 12/08/2016 12/12/2016 Book
© 2023 Central Library, National University of Sciences and Technology. All Rights Reserved.